Základné náležitosti všeobecného záväzného nariadenie obce

Všeobecne záväzné nariadenie obce je právny predpis, ktorý môže vydať obec na plnenie svojich úloh. Všeobecne záväzné nariadenie má pôsobnosť na území danej obce, je ho povinný dodržiavať každý, kto sa zdržuje na území obce. V hierarchii právnych predpisov má všeobecne záväzné nariadenie nižšiu pr...

Full description

Saved in:
Bibliographic Details
Main Author: Brindzová, Zuzana
Format: Book Chapter
Language:Slovak
Subjects:
Tags: Add Tag
No Tags, Be the first to tag this record!

MARC

LEADER 00000nla a2200000 4500
001 0199904
005 20240502073401.8
041 0 |a slo 
044 |a SK 
245 1 0 |a Základné náležitosti všeobecného záväzného nariadenie obce  |c Zuzana Brindzová 
520 |a Všeobecne záväzné nariadenie obce je právny predpis, ktorý môže vydať obec na plnenie svojich úloh. Všeobecne záväzné nariadenie má pôsobnosť na území danej obce, je ho povinný dodržiavať každý, kto sa zdržuje na území obce. V hierarchii právnych predpisov má všeobecne záväzné nariadenie nižšiu právnu silu ako nariadenia vlády, ide teda o podzákonný právny predpis. Všeobecne záväzné nariadenia spolu so všeobecne záväznými nariadeniami vyšších územných celkov tvoria takzvané komunálne právo. 
610 2 0 |a obce 
610 2 0 |a predpisy právne 
610 2 0 |a samospráva 
610 2 0 |a legislatíva 
100 1 |a Brindzová, Zuzana